000 00806nam a2200277Ia 4500
001 Z_666
003 CHAP
008 220113s1989 xx 000 0 und d
010 _a163515
040 _cCHAP
090 _aTesis T 464
100 _aTafoya García, Manuel
_9111336
245 _aProducción de carne de ganado bovino bajo pastoreo en México /
_cpor Manuel Tafoya García
260 _aChapingo, Méx. :
_bEl autor,
_c1989
300 _a95 h.
502 _aTesis (Ing. Agrónomo Esp. en Zootecnia) -- UACH. Departamento de Zootecnia
650 _aCarne de res
_xProducción
_919222
650 _aGanado de res
_xIndustria
_9137679
650 _aGanado vacuno
_xPastoreo
_945502
901 _aTESIS T 464
902 _aM
910 _a1989
942 _c2
942 _c2
999 _c163515
_d163515